| 000 | 00947nam a2200289 u 4500 | ||
|---|---|---|---|
| 005 | 20230509112413.0 | ||
| 008 | 200120s1999 sp r 000 0 spa d | ||
| 020 | _a8449306124 | ||
| 035 | _aUPN01000234972 | ||
| 040 |
_aMX-MxUPN _bspa _cMX-MxUPN |
||
| 041 | 1 |
_aspa _hfre |
|
| 050 | 4 |
_aD860 _bA88 1999 |
|
| 100 | 1 |
_aAttali, Jacques _943713 |
|
| 240 | 1 | 0 |
_aDictionaire du XXIe siecle. _lEspañol |
| 245 | 1 | 0 | _aDiccionario del siglo XXI |
| 260 |
_aBarcelona, España : _bEdiciones Paidós Ibérica, _c1999. |
||
| 300 | _a358 páginas | ||
| 490 |
_aPaidós transiciones ; _v15 |
||
| 650 | 0 |
_947683 _aPolítica mundial _y1989- _vDiccionarios |
|
| 650 | 4 |
_947544 _aPolítica mundial _ySiglo XXI _xPronósticos |
|
| 650 | 0 |
_947684 _aSiglo XXI _xPronósticos _vDiccionarios |
|
| 700 | 1 |
_aGonzález G., Godofredo _q(González González) _947685 |
|
| 902 | _aNoemiAcosta/260123 | ||
| 942 |
_n0 _cLIBRO _2lcc |
||
| 999 |
_c207067 _d207067 |
||